000 00410nam a2200181Ia 4500
001 18046
005 20260306171602.0
008 260306s9999||||xx |||||||||||||| ||und||
041 _aESP
082 _a658.4
_bC75
100 _aCollins, Jim
_eAUT
245 0 _aGreat by choice
260 _c2011
300 _axii, 304 páginas :
_c24 cm.
650 _aGEN
654 _aCAN
942 _cLIB
_dJUS
_fJUS
_2ddc
_n
999 _c18046
_d18046